Дело о выражении некоторыми лицами соболезнования в связи со смертью Александра II, а также верноподданнических чувств по случаю...

Доступно только в Электронных читальных залах Найти на картеНа карте
RUSMARC
00004522nmc2a22002653x 450
001ee8cf5cf-3fac-4182-a9bc-679e3da9e24b
00520211021112029.0
100##$a20210723l18811887k l0rusy0189 ca
1010#$arus
102##$aRU
105##$ay###
1222#$ad
2001#$aДело о выражении некоторыми лицами соболезнования в связи со смертью Александра II, а также верноподданнических чувств по случаю вступления на престол Александра III
$j3 марта 1881 г. - 15 мая 1887 г.
215##$a376 л.
$d36,5х26 см
251##$cДело
300##$aДело
300##$aОриг. заголовок дела: Дело о выражении некоторыми лицами чувств безграничной скорби по поводу мученической кончины государя императора Александра II, а также верноподданнических чувств по случаю вступления на прародительский престол государя императора Александра Александровича. 3 марта 1881 г. - 15 мая 1887 г
371##$aДокумент не является опубликованным и широко распространяемым
461#0$1001a74412a3-3cc5-4d21-8f0a-dfe2fbd9e72d
$12001
$aДепартамент народного просвещения Министерства народного просвещения (1803-1917)
$1251
$cФонд
$1852
$j733
462#0$1001b33464f2-4bc4-41e3-b4bc-525e855f0eb0
$12001
$aДела разряда общих дел Министерства народного просвещения
$1251
$cОпись
$1852
$j194
5171#$aДело о выражении некоторыми лицами чувств безграничной скорби по поводу мученической кончины государя императора Александра II, а также верноподданнических чувств по случаю вступления на прародительский престол государя императора Александра Александровича. 3 марта 1881 г. - 15 мая 1887 г
801#0$aRU
$bРГИА
$c20210723
$gRCR
801#1$aRU
$bГлавНИВЦ
$c20210723
$2rusmarc
801#2$aRU
$bПБ им. Б.Н. Ельцина
$c20211021
$gRCR
$2rusmarc
850##$aРГИА
852##$aРГИА
$eФедеральное казенное учреждение "Российский государственный исторический архив" (РГИА)
$j103
937##$hРГИА
$d12367509
$aASBIBLIO_SCAN
035##$aRusGRCC00030502
856##$uhttp://readingroom.main.prlib.ru/item.aspx?id_node=n169700221&mode=full
Формат отображения